000 00631nam a2200217Ii 4500
003 JO-AjNU
008 230606s9999||||xx |||||||||||||| ||und||
020 _a81-317-0157-3
040 _aJO-AjNU
_beng
_erda
_cJO-AjNU
041 _aeng
050 1 4 _aHD31.R5643.2007
100 3 _aRobbins,Stephen P/David A. DeCenzo,
_eauthor
_91296
245 0 0 _aFundamentals of Management:Essential Concepts and Applications
250 _a5 ed
264 3 1 _aBoston: PEARSON.2007
300 _a573P
336 _atext
_btxt
_2rdacontent
337 _aunmediated
_bn
_2rdamedia
338 _avolume
_bnc
_2rdacarrier
650 4 _aMANAGEMENT
_91297
999 _aE682
_c682
_d682